| 000 | 00495nam a2200181Ia 4500 | ||
|---|---|---|---|
| 001 | 4781 | ||
| 005 | 20260306145820.0 | ||
| 008 | 260306t2016||||xx |||||||||||||| ||spa|| | ||
| 041 | _aESP | ||
| 082 |
_a330.072 _bM42 |
||
| 100 |
_aMendoza Bellido, Waldo _eAUT |
||
| 245 | 0 |
_aCómo investigan los economistas: _bguía para elaborar y desarrollar un proyecto de investigación |
|
| 260 | _c2016 | ||
| 300 |
_a254 páginas _c20 cm. |
||
| 650 | _aGEN | ||
| 654 | _aCAN | ||
| 942 |
_cLIB _dJUS _fJUS _2ddc _n |
||
| 999 |
_c4781 _d4781 |
||